[Event "Barcelona Ideal Clave op 20th"]
[Site "Barcelona"]
[Date "2016.10.08"]
[Round "2"]
[White "Torres Janer, Marc"]
[Black "Peris Morte, Joaquin"]
[Result "0-1"]
[WhiteElo "1512"]
[BlackElo "1826"]
[PlyCount "104"]
[EventDate "2016.10.01"]
[EventType "swiss"]
[EventRounds "8"]
[EventCountry "ESP"]
[SourceTitle "EXT 2018"]
[Source "ChessBase"]
[SourceDate "2017.10.13"]
[SourceVersion "1"]
[SourceVersionDate "2017.10.13"]
[SourceQuality "1"]

1. e4 e6 2. Nf3 c5 3. d4 cxd4 4. Nxd4 Nf6 5. Bd3 Nc6 6. c3 Bc5 7. Be3 Qb6 8. Qb3 0-0 9. Qxb6 Bxb6 10. f3 d5 11. Nd2 dxe4 12. Nxe4 Nxe4 13. Bxe4 Nxd4 14. Bxd4 Bxd4 15. cxd4 Rb8 16. 0-0-0 Rd8 17. Rd2 b6 18. Rhd1 Bb7 19. Bxb7 Rxb7 20. d5 e5 21. d6 Rbd7 22. Rc2 f6 23. Rc7 Kf7 24. Kc2 Ke6 25. a4 Rxc7+ 26. dxc7 Rc8 27. Kb3 Rxc7 28. Rd2 f5 29. Kb4 a6 30. Rd8 Rc2 31. b3 Ke7 32. Rb8 Rc6 33. Rb7+ Kf6 34. a5 bxa5+ 35. Kxa5 e4 36. Rd7 e3 37. Rd1 Rc2 38. Kxa6 Rb2 39. Rd3 f4 40. Rd4 g5 41. b4 Ke5 42. Re4+ Kd5 43. b5 Rxg2 44. b6 Ra2+ 45. Kb5 Rb2+ 46. Ka6 Kc5 47. Re5+ Kd4 48. Re4+ Kd3 49. b7 e2 50. Ka7 g4 51. Rxe2 Kxe2 52. fxg4 f3 0-1

[Event "Foment Martinenc op-C 17th"]
[Site "Barcelona"]
[Date "2015.05.23"]
[Round "5"]
[White "Torres Janer, Marc"]
[Black "Dominguez Laguna, Eduard"]
[Result "0-1"]
[WhiteElo "1820"]
[BlackElo "1720"]
[PlyCount "88"]
[EventDate "2015.04.25"]
[EventType "swiss"]
[EventRounds "9"]
[EventCountry "ESP"]
[SourceTitle "EXT 2017"]
[Source "ChessBase"]
[SourceDate "2016.10.25"]
[SourceVersion "1"]
[SourceVersionDate "2016.10.25"]
[SourceQuality "1"]

1. e4 e5 2. Nf3 Nc6 3. d4 exd4 4. Bc4 Nf6 5. e5 Ng4 6. Bxf7+ Kxf7 7. Ng5+ Ke8 8. Qxg4 Nxe5 9. Qxd4 d6 10. 0-0 Be7 11. f4 Bxg5 12. fxe5 Bxc1 13. Rxc1 Qe7 14. exd6 cxd6 15. Nc3 Be6 16. Re1 Kd7 17. Re3 Rhe8 18. Qa4+ Kd8 19. Rf1 Qf7 20. Qa5+ Kd7 21. Qb5+ Kd8 22. Nd5 Qd7 23. Qxd7+ Kxd7 24. Nb4 Bc4 25. Rfe1 Rxe3 26. Rxe3 Re8 27. Rxe8 Kxe8 28. b3 Be6 29. Kf2 a5 30. Nd3 b5 31. a3 Kd7 32. Ke3 Kc6 33. Nf4 Bf5 34. c3 Kc5 35. Nh5 g6 36. Nf4 a4 37. bxa4 bxa4 38. Kd2 Kc4 39. Ne2 Kb3 40. Nd4+ Kxa3 41. Nb5+ Kb2 42. Nxd6 Be6 43. c4 a3 44. c5 a2 0-1

[Event "Llinars del Valles op-B 7th"]
[Site "Llinars del Valles"]
[Date "2013.05.25"]
[Round "6"]
[White "Gonzalez Alonso, Marti"]
[Black "Torres Janer, Marc"]
[Result "1-0"]
[WhiteElo "1258"]
[BlackElo "1615"]
[PlyCount "49"]
[EventDate "2013.04.13"]
[EventType "swiss"]
[EventRounds "7"]
[EventCountry "ESP"]
[SourceTitle "CBM 154 Extra"]
[Source "ChessBase"]
[SourceDate "2013.06.25"]
[SourceVersion "2"]
[SourceVersionDate "2013.06.25"]
[SourceQuality "1"]

1. e4 c5 2. Nc3 d6 3. Nf3 g6 4. d4 cxd4 5. Qxd4 e5 6. Bb5+ Bd7 7. Qd5 Bc6 8. Nxe5 dxe5 9. Qxe5+ Qe7 10. Bxc6+ bxc6 11. Qxh8 Nf6 12. Bh6 Nbd7 13. 0-0-0 0-0-0 14. Bxf8 Rxf8 15. Qg7 Ng4 16. Qd4 Qg5+ 17. Qd2 Qe7 18. f3 Nge5 19. Qd6 Qg5+ 20. Qd2 Qe7 21. f4 Nc4 22. Qd4 Ndb6 23. Na4 Nxa4 24. Qxc4 Nb6 25. Qxc6+ 1-0